Un viaje por Abisinia / (Record no. 53144)

MARC details
000 -LEADER
campo de control de longitud fija 00661nam a22001935i 4500
001 - NÚMERO DE CONTROL
campo de control 53144
003 - IDENTIFICADOR DE NÚMERO DE CONTROL
campo de control ES-MaACL
005 - FECHA Y HORA DE LA ÚLTIMA TRANSACCIÓN
campo de control 20230906162720.0
007 - CAMPO FIJO DE DESCRIPCIÓN FÍSICA--INFORMACIÓN GENERAL
campo de control de longitud fija t|
008 - DATOS DE LONGITUD FIJA--INFORMACIÓN GENERAL
campo de control de longitud fija 950908s1869 sp ||||1| spa d
040 ## - FUENTE DE CATALOGACIÓN
Centro catalogador/agencia de origen CAM
Lengua de catalogación spa
Centro/agencia transcriptor CAM
100 1# - ENTRADA PRINCIPAL--NOMBRE DE PERSONA
Nombre de persona Dufton, Henry.
9 (RLIN) 45919
245 13 - MENCIÓN DEL TÍTULO
Título Un viaje por Abisinia /
Mención de responsabilidad, etc. de Mr. Dufton; traducido del inglés por el vizconde de los Antrines.
260 ## - PUBLICACIÓN, DISTRIBUCIÓN, ETC.
Lugar de publicación, distribución, etc. Madrid :
Nombre del editor, distribuidor, etc. [s.n.],
Fecha de publicación, distribución, etc. 1869 (
Fabricante Imprenta de los Ferro-Carriles)
300 ## - DESCRIPCIÓN FÍSICA
Extensión 188, [1] p. ;
Dimensiones 18 cm.
651 #4 - PUNTO DE ACCESO ADICIONAL DE MATERIA--NOMBRE GEOGRÁFICO
Nombre geográfico Etiopía-
Subdivisión general Descripción-
Subdivisión cronológica S.XIX.
9 (RLIN) 8582
700 1# - ENTRADA AGREGADA--NOMBRE PERSONAL
Nombre de persona González de Olañeta, Ulpiano,
Títulos y otros términos asociados al nombre Marqués de Valdeterrazo.
9 (RLIN) 151824
852 ## - LOCALIZACIÓN
Ubicación ES-MaACL
Número de control de estantería G-8809
Holdings
Estatus retirado Estado de pérdida Estado de daño No para préstamo Colección Biblioteca de origen Biblioteca actual Ubicación en estantería Fecha de adquisición Fuente de adquisición Total de préstamos Signatura topográfica completa Código de barras Visto por última vez Precio de reemplazo Tipo de ítem Koha
        Libros del s. XIX Biblioteca del Ateneo de Madrid Biblioteca del Ateneo de Madrid Sala Pecera Planta 3 17/01/2008     G-8809 1055841 23/02/2023 23/02/2023 Libro impreso antiguo